000 00602nam a2200205 i 4500
001 134909
003 ES-MaACL
005 20250629063129.0
007 t|
008 070703s1973 sp |||| | spa d
080 _a860(82)-32.09"19"
100 1 _aTijeras, Eduardo,
_d1931-
_9110248
245 1 0 _aRelato breve en la Argentina /
_cEduardo Tijeras.
260 _aMadrid :
_bCultura Hispánica,
_c1973.
300 _a168 p. ;
_c22 cm.
650 1 4 _aNovela argentina-
_xHistoria y crítica.
_9167925
852 _aES-MaACL
_jE-5388
852 _aES-MaACL
_jE-5389
999 _c134909
_d134909